[Event "CZE-chT2e 0607"]
[Site "Czech Republic"]
[Date "2007.03.11"]
[Round "9.8"]
[White "Petrik, Petr"]
[Black "Skalka, Josef"]
[Result "1-0"]
[WhiteElo "1739"]
[BlackElo "1907"]
[PlyCount "57"]
[EventDate "2006.10.15"]
[EventType "team"]
[EventRounds "11"]
[EventCountry "CZE"]
[SourceTitle "EXT 2009"]
[Source "ChessBase"]
[SourceDate "2008.11.26"]
[SourceVersion "1"]
[SourceVersionDate "2008.11.26"]
[SourceQuality "1"]

1. e4 e5 2. Nf3 Nc6 3. Bc4 Nf6 4. d4 exd4 5. 0-0 d6 6. Nxd4 Be7 7. Nc3 Nxd4 8. Qxd4 0-0 9. Bf4 Kh8 10. Rad1 Nh5 11. Bc1 Bf6 12. Qd3 Bxc3 13. Qxc3 Qf6 14. Qa5 Nf4 15. Bxf4 Qxf4 16. Qxc7 Qxe4 17. Bb3 Be6 18. Rfe1 Qb4 19. c3 Qg4 20. Bxe6 fxe6 21. Qxd6 Rf6 22. Qd8+ Rf8 23. Qd7 Qf5 24. Re2 Qa5 25. Qxe6 h6 26. Rd7 Rf6 27. Qe7 Qg5 28. h4 Qc1+ 29. Re1 1-0

[Event "CZE-chT2e 0607"]
[Site "Czech Republic"]
[Date "2007.02.25"]
[Round "8.7"]
[White "Bakos, Eduard"]
[Black "Skalka, Josef"]
[Result "0-1"]
[WhiteElo "2125"]
[BlackElo "1907"]
[PlyCount "44"]
[EventDate "2006.10.15"]
[EventType "team"]
[EventRounds "11"]
[EventCountry "CZE"]
[SourceTitle "EXT 2009"]
[Source "ChessBase"]
[SourceDate "2008.11.26"]
[SourceVersion "1"]
[SourceVersionDate "2008.11.26"]
[SourceQuality "1"]

1. d4 Nf6 2. c4 e5 3. e3 exd4 4. exd4 Bb4+ 5. Nc3 0-0 6. Nf3 d6 7. Be2 h6 8. 0-0 Bxc3 9. bxc3 Bf5 10. Nh4 Be4 11. Bd3 Nc6 12. Bxe4 Nxe4 13. Qg4 Nf6 14. Qf3 Nh7 15. Nf5 Qf6 16. Rb1 Na5 17. Rb5 b6 18. Qg3 Kh8 19. Ne3 Qg6 20. Qf4 Rae8 21. Rf5 Ng5 22. h4 Nh3+ 0-1

[Event "CZE-chT2e 0607"]
[Site "Czech Republic"]
[Date "2006.11.19"]
[Round "3.8"]
[White "Skalka, Josef"]
[Black "Zajicek, Radek"]
[Result "0-1"]
[WhiteElo "1907"]
[BlackElo "1771"]
[PlyCount "34"]
[EventDate "2006.10.15"]
[EventType "team"]
[EventRounds "11"]
[EventCountry "CZE"]
[SourceTitle "EXT 2009"]
[Source "ChessBase"]
[SourceDate "2008.11.26"]
[SourceVersion "1"]
[SourceVersionDate "2008.11.26"]
[SourceQuality "1"]

1. e4 e5 2. f4 exf4 3. Nf3 Nc6 4. Bc4 Be7 5. 0-0 d6 6. d4 Nf6 7. Nc3 0-0 8. Qe2 Bg4 9. Rd1 Nd7 10. Bxf4 Nb6 11. Bb3 Na5 12. h3 Bh5 13. e5 Nxb3 14. axb3 Re8 15. Ne4 Nd5 16. Bh2 Nb4 17. Qc4 d5 0-1

[Event "CZE-chT2e 0405"]
[Site "Czech Republic"]
[Date "2005.02.20"]
[Round "8.7"]
[White "Nejezchleba, Josef"]
[Black "Skalka, Josef"]
[Result "0-1"]
[WhiteElo "2088"]
[BlackElo "1864"]
[PlyCount "82"]
[EventDate "2004.10.17"]
[EventType "team"]
[EventRounds "11"]
[EventCountry "CZE"]
[SourceTitle "EXT 2007"]
[Source "ChessBase"]
[SourceDate "2006.11.23"]
[SourceVersion "1"]
[SourceVersionDate "2006.11.23"]
[SourceQuality "1"]

1. e4 e5 2. f4 exf4 3. Nf3 g5 4. Bc4 Bg7 5. d4 h6 6. 0-0 d6 7. Qd3 Be6 8. Nbd2 Ne7 9. c3 c6 10. Bb3 Nd7 11. Bc2 d5 12. Qe2 0-0 13. exd5 cxd5 14. Ne1 Rc8 15. Kh1 Re8 16. Qf2 Nf6 17. Ndf3 Ng4 18. Qg1 Nf5 19. Bxf5 Bxf5 20. h3 Nf6 21. g4 Bg6 22. Kh2 Ne4 23. Ng2 Qd7 24. Bd2 Nxd2 25. Nxd2 Re2 26. Rf2 Rce8 27. Nf3 Qb5 28. b3 Qd3 29. Re1 Rxe1 30. Ngxe1 Qxc3 31. Rd2 Re3 32. Qf2 Be4 33. Ng1 Bxd4 34. Rxd4 Qxd4 35. Nc2 Bxc2 36. Qxc2 Qc3 37. Qf5 Re5 38. Qd7 Qg3+ 39. Kh1 Re1 40. Qc8+ Kg7 41. Qc5 Qxh3# 0-1

[Event "CZE-chT2e 0405"]
[Site "Czech Republic"]
[Date "2005.01.16"]
[Round "6.8"]
[White "Skalka, Josef"]
[Black "Blumelova, Zdenka"]
[Result "0-1"]
[WhiteElo "1864"]
[BlackElo "2072"]
[PlyCount "79"]
[EventDate "2004.10.17"]
[EventType "team"]
[EventRounds "11"]
[EventCountry "CZE"]
[SourceTitle "EXT 2007"]
[Source "ChessBase"]
[SourceDate "2006.11.23"]
[SourceVersion "1"]
[SourceVersionDate "2006.11.23"]
[SourceQuality "1"]

1. e4 e5 2. f4 Nf6 3. Nc3 d6 4. Bc4 Be7 5. Nf3 0-0 6. 0-0 c6 7. d4 exd4 8. Nxd4 b5 9. Bd3 Qb6 10. Be3 Ng4 11. Qf3 Nxe3 12. Qxe3 Bf6 13. Nce2 a6 14. c3 Nd7 15. Rad1 Nc5 16. Bc2 Re8 17. b4 Nb7 18. Qf3 c5 19. bxc5 dxc5 20. Nb3 c4+ 21. Nbd4 Nc5 22. e5 Bb7 23. Qh3 Nd3 24. Bxd3 cxd3 25. Qxd3 Bd8 26. Kh1 Qa5 27. Nf5 Re6 28. Nd6 Bc8 29. Qd5 Rb8 30. Nd4 Qxc3 31. Rc1 Qd2 32. Rfd1 Qxf4 33. Nxc8 Re8 34. Nd6 Rxe5 35. Qb3 Re3 36. Qd5 Rd3 37. Qf5 Rxd1+ 38. Rxd1 Qxd6 39. Qg4 Bc7 40. g3 0-1

[Event "CZE-chT2e 0405"]
[Site "Czech Republic"]
[Date "2004.11.21"]
[Round "3.7"]
[White "Skalka, Josef"]
[Black "Krcal, Michal"]
[Result "0-1"]
[WhiteElo "1864"]
[BlackElo "2041"]
[PlyCount "68"]
[EventDate "2004.10.17"]
[EventType "team"]
[EventRounds "11"]
[EventCountry "CZE"]
[SourceTitle "EXT 2007"]
[Source "ChessBase"]
[SourceDate "2006.11.23"]
[SourceVersion "1"]
[SourceVersionDate "2006.11.23"]
[SourceQuality "1"]

1. f4 d5 2. Nf3 Nf6 3. g3 g6 4. Bg2 Bg7 5. 0-0 0-0 6. d3 c6 7. c3 Nbd7 8. Nbd2 Qb6+ 9. d4 Re8 10. Qb3 Qc7 11. Re1 Ng4 12. e4 dxe4 13. Nxe4 b6 14. Neg5 Nh6 15. Ne5 Nxe5 16. fxe5 Bb7 17. e6 f5 18. Bf4 Qc8 19. h3 c5 20. Bxb7 Qxb7 21. Nf7 Qf3 22. Rf1 Qh5 23. Kg2 cxd4 24. cxd4 Rac8 25. Qd5 Rc2+ 26. Rf2 Rxf2+ 27. Kxf2 g5 28. Nxg5 Bf6 29. h4 Ng4+ 30. Kg2 Bxg5 31. Qxf5 h6 32. hxg5 Rf8 33. Qe4 hxg5 34. Rh1 Qxh1+ 0-1

[Event "CZE-chT2e 0405"]
[Site "Czech Republic"]
[Date "2004.11.07"]
[Round "2.7"]
[White "Zadrapa, Radek"]
[Black "Skalka, Josef"]
[Result "1-0"]
[WhiteElo "2092"]
[BlackElo "1864"]
[PlyCount "73"]
[EventDate "2004.10.17"]
[EventType "team"]
[EventRounds "11"]
[EventCountry "CZE"]
[SourceTitle "EXT 2007"]
[Source "ChessBase"]
[SourceDate "2006.11.23"]
[SourceVersion "1"]
[SourceVersionDate "2006.11.23"]
[SourceQuality "1"]

1. e4 e5 2. Nf3 Nc6 3. Bc4 Nf6 4. d3 Be7 5. c3 0-0 6. Nbd2 d6 7. 0-0 Na5 8. Bb5 a6 9. Ba4 b5 10. Bc2 c5 11. d4 exd4 12. cxd4 Bg4 13. Re1 Nd7 14. h3 Bh5 15. g4 Bg6 16. Nf1 Re8 17. Bf4 Rc8 18. Ne3 f6 19. b3 Bf7 20. Nf5 Nf8 21. dxc5 dxc5 22. Qxd8 Bxd8 23. Nd6 Bc7 24. Nxc8 Bxf4 25. Nb6 h5 26. Nd5 Bb8 27. Rad1 hxg4 28. hxg4 Be6 29. g5 Bg4 30. Rd3 fxg5 31. Nxg5 Ng6 32. Bd1 Bc8 33. Rc3 Bb7 34. Kf1 Re5 35. Nf3 Rh5 36. Rxc5 Bd6 37. Ne7+ 1-0